wszystkie liczby pierwsze do liczby 100 - Statystyki

Ogólne statystyki
  • Ten quiz został rozwiązany 51 razy
  • Średni wynik to 24 z 26
Statystyki odpowiedzi
liczba % Poprawnych
11
98%
2
98%
13
96%
3
96%
5
96%
7
96%
17
94%
19
94%
23
94%
29
94%
31
91%
37
89%
41
89%
43
89%
47
89%
53
89%
57
89%
59
89%
61
89%
67
89%
71
89%
73
89%
79
89%
83
89%
89
89%
97
89%
Nie znaleziono quizów pasujących do podanych kryteriów
Rozkład punktacji
Procent ludzi z każdym wynikiem
Percentyl według liczby udzielonych odpowiedzi
Twoja historia wyników
Nie rozwiązałeś tego quizu